Central Library OPAC University of Rajshahi

কম্পিটার পরিচিতি ও পরিচালনা পদ্ধতি = DOS unix lotus dbase / (Record no. 45341)

MARC details
000 -LEADER
fixed length control field 00876nam a22002177a 4500
001 - CONTROL NUMBER
control field 45341
003 - CONTROL NUMBER IDENTIFIER
rucl marc code BD-RjUL
005 - DATE AND TIME OF LATEST TRANSACTION
control field 20211209054010.0
008 - FIXED-LENGTH DATA ELEMENTS--GENERAL INFORMATION
fixed length control field 160725s1995 bg ||||| |||| 00| 0 ben d
035 ## - SYSTEM CONTROL NUMBER
System control number (BD-RjUL)45459
040 ## - CATALOGING SOURCE
Original cataloging agency BD-RjUL
Language of cataloging ben
Transcribing agency BD-RjUL
041 ## - LANGUAGE CODE
Language code of text/sound track or separate title ben
082 ## - DEWEY DECIMAL CLASSIFICATION NUMBER
Edition number 23
Classification number 004.4
Author mark and year KIC 1995
100 ## - MAIN ENTRY--PERSONAL NAME
Personal name কিবরিয়া, গোলাম
9 (RLIN) 138755
245 10 - TITLE STATEMENT
Title কম্পিটার পরিচিতি ও পরিচালনা পদ্ধতি = DOS unix lotus dbase /
Statement of responsibility, etc. গোলাম কিবরিয়া
260 ## - PUBLICATION, DISTRIBUTION, ETC. (IMPRINT)
Place of publication, distribution, etc. ঢাকা :
Name of publisher, distributor, etc. প্যারাগণ পাবলিশার্স,
Date of publication, distribution, etc. ১৯৯৫
300 ## - PHYSICAL DESCRIPTION
Pagination ২৫৬ পৃ. :
Illustrations চিত্র ;
Size ২১ সেমি.
650 ## - SUBJECT ADDED ENTRY--TOPICAL TERM
Topical term or geographic name as entry element কম্পিউটার পদ্ধতি
9 (RLIN) 138851
Topical term or geographic name as entry element Computer Processing
9 (RLIN) 138852
942 ## - ADDED ENTRY ELEMENTS (KOHA)
Source of classification or shelving scheme Dewey Decimal Classification
Koha item type Books
Holdings
Lost status Source of classification or shelving scheme Damaged status Not for loan Collection code Permanent Location Current Location Shelving location Date acquired Source of acquisition Cost, normal purchase price Total Checkouts Full call number Date last seen Copy number Koha item type
  Dewey Decimal Classification     Non-fiction Central Library, University of Rajshahi Central Library, University of Rajshahi   17/07/1997 Favarite book center 150.00   B 004.4 KIC 1995 25/07/2016 C-2 Books